000 00951na a2200253 4500
001 24046
003 MIRAKIL
005 20181213155327.0
008 180302b tu 000 0
040 _aMilas
_btur
_cTR-AnCHP
041 _atur
082 _a305.4
_bİ77 2016
090 _a305.4 İ77 2016
111 _aİstanbul sözleşmesi çerçevesinde 6284 sayılı yasanın değerlendirilmesi çalıştayı
_cAnkara
_dHaziran 2016
245 _aİstanbul sözleşmesi çerçevesinde 6284 sayılı yasanın değerlendirilmesi çalıştayı sonuç kitapçığı
_cyayına hazırlayanlar Pınar Çetinkaya, Aslı Cihan
260 _aAnkara
_bKarınca Yayınları
_c2016
300 _a80 s.
_btbl.
_c30 sm.
650 _aKadına şiddet
_xTürkiye
650 _aHukuk ve mevzuat
_xKadın hakları
_zTürkiye
650 _aKadınlar
_xTürkiye
700 _aCihan, Aslı
_eyay. haz.
700 _aÇetinkaya, Pınar
_eyay. haz.
942 _2ddc
_cBKS
999 _c10611
_d10611